000 00925nam a2200253Ia 4500
003 OSt
005 20220923212502.0
006 a|||||r|||| 00| 0
007 ta
008 220922b |||||||| |||| 00| 0 hin d
024 _a153,446
037 _cTextual
040 _aARTS
_cARTS
_bhin
041 _2hin
_ahin
082 _aO15vJ, 152K9-;2(RPH)
100 _aशर्मा, गोविन्दराम
_9156365
245 0 _aसंस्कृत साहित्य की प्रमुख प्रवृत्तियॉ
246 _aSanskṛut sāhitya kī pramukh pravṛuttiyaॉ
260 _aदिल्ली
_b रीगल बुक डिपो
_c1969
300 _a232 पृ.
_ccm.
650 _aसंस्कृत साहित्य
942 _hO15vJ, 152K9-;2(RPH)
_cTEXL
_2CC
999 _c309090
_d309090